000 02281nam a2200265Ia 4500
003 Ost
005 20260507075321.0
008 260507s9999||||xx |||||||||||||| ||und||
020 _a9789957246853
040 _cfsecg
041 _aara
082 _a658
100 _aجواد، شوقي ناجي
_eمؤلف
245 0 _aإدارة الأعمال الدولية /
_c شوقي ناجي جواد
260 _aعمان:
_bدار صفاء للنشر والتوزيع,
_c2011
300 _a425 صفحة؛
_bإيضاحات ؛
_c25 سم
504 _aببليوغرافيا:ص.417-418
520 _aالاعمال الدولية و مفاهيم التجارة، البيئة الاجتماعية و الثقافية للاعمال الدولية، سلطات الحكومة على الاعمال الدولية، الاتفاقيات الدولية و منظمات الاعمال الدولية ، المخاطر السياسية، الدول النامية و الاعمال الدولية، الاعمال و الادارة اليابانية، الاقتصاديات ذات التخطيط المركزي، التجارة الشرقية ــ الغربية، نظام النقد الدولي و أسواق رأس المال الدولية، بحوث التسويق الدولي، تسعير و تطوير السلعة الدولية، التوزيع و الترويج الدولي، المعاملات التجارية الدولية، الادارة المالية الدولية و المحاسبة الدولية، إدارة المعرفة و الاعمال الدولية، إدارة سلسلة التوريد في الاعمال الدولية، الهيكل التنظيمي و الاستراتيجية و التوظيف في الاعمال الدولية، نقل التكنولوجيا دوليا، حاكمية الشركات و الأعمال الدولية، السلوك الاخلاقي و الاجتماعي في الاعمال الدولية و أخيرا مستقبل الاعمال الدولية
653 _aإدارة الاعمال
653 _aالتسويق
653 _aالتمويل الدولي
653 _aاليابان- إدارة الأعمال
700 _aحجازي، هيثم علي
_eمؤلف ثانوي
942 _cكتاب
999 _c43928
_d43928